00421nam a2200145Ia 4500003000900000008004100009020002100050040001600071080001500087100001800102245008500120260003100205300001500236650002400251IN-BaIIA211028s9999 xx 000 0 eng d a978 03339 183 33 cIIA Library a539.2bDEK aDekker, A. J. 0aSolid state physicscA. J. Dekker  aNew DelhibMacmillanc2007 axiv, 540p. aSolid State Physics